Riadenie dronu pomocou gest

Gespeichert in:
Bibliographische Detailangaben
1. Verfasser: Annuš, Flavián (Verfasst von)
Weitere Verfasser: Tölgyessy, Michal (Betreuung Doktorarbeit)
Format: Manuskript Buch
Sprache:Slowakisch
Veröffentlicht: Bratislava : STU v Bratislave FEI, 2024
Schlagworte:
Online-Zugang:https://opac.crzp.sk/?fn=detailBiblioFormChildY1928R&sid=A6A9937D4AB687F473CB84A9E4AF&seo=CRZP-detail-kniha
Tags: Tag hinzufügen
Keine Tags, Fügen Sie das erste Tag hinzu!

MARC

LEADER 00000ntm a22000003a 4500
001 stuzp96781
003 SK-STU
005 20250328133508.8
007 ta
008 150427s2015----xo-----f-mn---000-0-slo-d
040 |a STU  |b slo 
041 0 |a slo 
044 |a xo 
100 1 |a Annuš, Flavián  |u 031000  |4 aut  |U FEI Fakulta elektrotechniky a informatiky  |T FEI Ústav robotiky a kybernetiky  |X 117161  |U E011  |Y 356  |7 117161 
242 0 1 |a Controlling a Drone Via Gestures  |y eng 
245 1 0 |a Riadenie dronu pomocou gest 
260 |a Bratislava :  |b STU v Bratislave FEI,  |c 2024 
300 |a 56 s. 
650 4 |a gesto  |2 slo 
650 4 |a dron  |2 slo 
650 4 |a ROS2  |2 slo 
650 4 |a Leap Motion  |2 slo 
650 4 |a Gazebo  |2 slo 
650 4 |a drone  |2 eng 
650 4 |a gesture  |2 eng 
650 4 |a ROS2  |2 eng 
650 4 |a Leap Motion  |2 eng 
650 4 |a Gazebo  |2 eng 
700 1 |a Tölgyessy, Michal  |u 031000  |k Z1  |4 ths  |U FEI Fakulta elektrotechniky a informatiky  |T FEI Ústav robotiky a kybernetiky  |X 22286  |U E011  |Y 356  |7 A000022286 
856 4 |u https://opac.crzp.sk/?fn=detailBiblioFormChildY1928R&sid=A6A9937D4AB687F473CB84A9E4AF&seo=CRZP-detail-kniha